Parfum des glaces Extrême - Statistiques

Statistiques générales
  • Ce quiz a été pris 106 fois
  • Le résultat moyen est 6 sur 21
Statistiques - réponses
Parfum % Correct
Chocolat
99%
Vanille
97%
caramel
67%
Framboise
65%
Citron
62%
Café
51%
menthe-chocolat
33%
Vanille-fraise
27%
pistache-chocolat
22%
rhum-raisin
22%
fruits rouges
20%
cookie
16%
crème-brulée
11%
coco-mangue
9%
vanille-praliné
8%
3 chocolats
5%
brownie
4%
framboise-citron
4%
macaron-caramel
3%
pécan
2%
lemon-cheesecake
1%
Aucun quiz correspondant
Distribution des résultats
% des personnes avec chaque résultat
Percentile par nombre de réponses
Votre historique - résultats
Vous n’avez pas pris ce quiz